Movies Quiz

Random Movies or Marvel Quiz

Marvel Movie Villains Quiz Stats

 Plays Quiz Updated Jul 12, 2018

Challenge
Share
Tweet
Score 0/25 Timer 05:00
26 Plays Today
% Correct
Loki
93.8%
Thanos
92.5%
Red Skull
92.2%
Venom
91.8%
The Lizard
89.2%
Yellowjacket
88.6%
Magneto
88.5%
Green Goblin (Spider-Man)
88.5%
Bullseye
88%
Dr. Octopus
85.9%
Ultron
84.1%
The Mandarin
83.1%
Dr. Doom
82.7%
% Correct
Whiplash
82.2%
Electro
82.1%
Iron Monger
81.9%
Sandman
81.4%
Rhino
80.6%
Abomination
75.3%
Arnim Zola
72.6%
Ulysses Klaue
70%
The Gentleman
68%
Green Goblin (Amazing Spider-Man 2)
64.2%
Batroc
61.9%
New Goblin (Spider-Man 3)
52.7%

You're not logged in!

Compare scores with friends on all Sporcle quizzes.
Join for Free
OR
Log In

You Might Also Like...

Show Comments

Extras

Top Quizzes Today


Score Distribution

Your Account Isn't Verified!

In order to create a playlist on Sporcle, you need to verify the email address you used during registration. Go to your Sporcle Settings to finish the process.

Report this User

Report this user for behavior that violates our Community Guidelines.

Details: